| 000 | 00725nam a2200217 a 4500 | ||
|---|---|---|---|
| 008 | 120416s1973 ||||||||||||||||| || u | ||
| 020 | _a0070353964 | ||
| 050 | _aQC 661 Kra | ||
| 100 | _aCarver, Keith R., 1940- | ||
| 245 | 1 | 0 | _aElectromagnetics |
| 250 | _a2nd ed. | ||
| 260 |
_aNew York _bMcGraw-Hill _c1973 |
||
| 300 | _axix, 828p. : ill | ||
| 350 | _a0.00 | ||
| 490 | _aMcGraw-Hill electrical and electronic engineering series | ||
| 500 | _aBibliography: p. [801]-802. | ||
| 650 | 0 | _aPHYSICS | |
| 650 | _aELECTROMAGENTISM | ||
| 700 | _aKraus, John Daniel, 1910- | ||
| 995 |
_D0.00 _FCBU-MAIN LIBRARY (Kitwe) _H1 _I7.45 _M1 _UDAMAGED _ZMain Library Open Access Collection |
||
| 999 |
_c41511 _d41511 |
||